隣接自治体クイズ - Statistics

General Stats
  • This quiz has been taken 115 times
  • The average score is 11 of 15
Answer Stats
特徴 自治体名 % Correct
世界三大刃物産地 関市
95%
四国最大の都市圏を抱える 高松市
88%
奥美濃の小京都 郡上市
84%
日本のオリーブ栽培発祥地 小豆島町
82%
大歩危、小歩危、祖谷渓がある 三好市
79%
満濃池がある まんのう町
78%
人口77万人の都市圏 姫路市
77%
日本へそ公園がある 西脇市
68%
徳山ダムがある 揖斐川町
67%
若狭街道が縦貫 高島市
67%
近代日本の鉄砲生産拠点 長浜市
66%
地震断層観察館がある 本巣市
63%
かやぶきの里北村がある 南丹市
63%
大正ロマン館がある 丹波篠山市
62%
天台宗の一乗寺がある 加西市
57%
No matching quizzes found
Score Distribution
Percent of People with Each Score
Percentile by Number Answered
Your Score History
You have not taken this quiz